书目信息 |
| 题名: |
眼耳鼻咽喉和口腔科护理技术
|
|
| 作者: | 张绍蓉 , 程红缨 主编 | |
| 分册: | ||
| 出版信息: | 北京 人民卫生出版社 2011.12 |
|
| 页数: | 13, 110页 | |
| 开本: | 26cm | |
| 丛书名: | 临床护理技术图解丛书 | |
| 单 册: | ||
| 中图分类: | R473.76-64 | |
| 科图分类: | ||
| 主题词: | 五官科学--护理 | |
| 电子资源: | ||
| ISBN: | 978-7-117-14851-1 | |
| 000 | 01060oam2 2200277 45 | |
| 001 | 1360105765 | |
| 005 | 20130530154606.18 | |
| 010 | @a978-7-117-14851-1@dCNY59.00 | |
| 100 | @a20130513d2011 em y0chiy0121 ea | |
| 101 | 0 | @achi |
| 102 | @aCN@b110000 | |
| 105 | @aak a 000yy | |
| 106 | @ar | |
| 200 | 1 | @a眼耳鼻咽喉和口腔科护理技术@AYan Er Bi Yan Hou He Kou Qiang Ke Hu Li Ji Shu@f主编程红缨, 张绍蓉@FZhu Bian Cheng Hong Ying , Zhang Shao Rong |
| 210 | @a北京@c人民卫生出版社@d2011.12 | |
| 215 | @a13, 110页@c彩图@d26cm | |
| 225 | 2 | @a临床护理技术图解丛书 |
| 320 | @a有书目 (第109-110页) | |
| 330 | @a本书共分三篇, 第一篇眼科护理技术操作, 包含18项技术; 第二篇耳鼻咽喉科护理技术操作, 包含17项技术; 第三篇口腔科护理技术操作, 包含9项技术。另有拓展知识部分, 介绍相关基础知识和进展。 | |
| 461 | 0 | @12001 @a临床护理技术图解丛书 |
| 606 | 0 | @a五官科学@x护理 |
| 690 | @aR473.76-64@v5 | |
| 701 | 0 | @a张绍蓉@AZhang Shao Rong@4主编 |
| 701 | 0 | @a程红缨@ACheng Hong Ying@4主编 |
| 801 | @aCN@bTANGWEI@c20130523 | |
| 905 | @b0834359-61@dR473.76-64@e89@f3 | |
| 眼耳鼻咽喉和口腔科护理技术/主编程红缨, 张绍蓉.-北京:人民卫生出版社,2011.12 |
| 13, 110页:彩图;26cm.-(临床护理技术图解丛书) |
| ISBN 978-7-117-14851-1:CNY59.00 |
| 本书共分三篇, 第一篇眼科护理技术操作, 包含18项技术; 第二篇耳鼻咽喉科护理技术操作, 包含17项技术; 第三篇口腔科护理技术操作, 包含9项技术。另有拓展知识部分, 介绍相关基础知识和进展。 |
| ● |
| 相关链接 |
|
|
|
|
正题名:眼耳鼻咽喉和口腔科护理技术
索取号:R473.76-64/89
 
预约/预借
| 序号 | 登录号 | 条形码 | 馆藏地/架位号 | 状态 | 备注 |
| 1 | 0834359 | 208343595 | 第二样本阅览室/ [索取号:R473.76-64/89] | 在馆 | |
| 2 | 0834360 | 208343602 | 第三借阅区/ [索取号:R473.76-64/89] | 在馆 | |
| 3 | 0834361 | 208343611 | 第三借阅区/ [索取号:R473.76-64/89] | 在馆 |